Statistics for US States with an Official State Reptile

Click here to take the quiz!

General Stats

  • This quiz has been taken 85 times
  • The average score is 22 of 26

Answer Stats

ReptileState% Correct
Horned LizardTexas
96%
American AlligatorFlorida
95%
Ridge-Nosed RattlesnakeArizona
92%
Desert TortoiseCalifornia
92%
Red-Bellied TurtleAlabama
91%
Gopher TortoiseGeorgia
89%
American AlligatorMississippi
89%
Whiptail LizardNew Mexico
89%
Eastern Box TurtleNorth Carolina
89%
Common Snapping TurtleNew York
87%
Loggerhead Sea TurtleSouth Carolina
87%
American AlligatorLouisiana
84%
Western Painted TurtleColorado
83%
Northern Black RacerOhio
83%
Common Collared LizardOklahoma
83%
Eastern Box TurtleTennessee
82%
Ornate Box TurtleKansas
80%
Three-Toed Box TurtleMissouri
80%
Desert TortoiseNevada
80%
Timber RattlesnakeWest Virginia
78%
Painted TurtleIllinois
76%
Painted TurtleMichigan
76%
Horned LizardWyoming
75%
Diamondback TerrapinMaryland
74%
Garter SnakeMassachusetts
70%
Painted TurtleVermont
66%

Score Distribution

Percentile by Number Answered

Percent of People with Each Score

Your Score History

You have not taken this quiz